[Event "LTU-ch Men 2019"]
[Site "Vilnius"]
[Date "2019.03.15"]
[Round "1"]
[White "Malisauskas, Vidmantas"]
[Black "Likatavicius, Rapolas"]
[Result "1-0"]
[WhiteElo "2451"]
[BlackElo "1769"]
[Annotator "TA"]
[PlyCount "65"]
[EventDate "2019.??.??"]
[EventCountry "LTU"]
[SourceTitle "playchess.com"]
[Source "ChessBase"]
[SourceQuality "1"]

{[%evp 9,65,37,59,45,52,43,129,116,127,123,133,119,129,121,117,118,137,126,116,97,126,47,53,61,55,43,64,60,52,54,95,80,91,91,83,85,83,61,150,150,150,150,143,135,226,226,224,226,217,216,220,214,185,175,361,356,329,299]} 1. e4 d5 2. exd5 Qxd5 3. Nc3 Qd6 4. d4 Nf6 5. Nf3 c6 6. g3 {B01: Scandinavian Defence} Bf5 7. Bg2 Nd5 (7... h6 $14) (7... h6 8. O-O e6 9. Na4 Nbd7 10. Bf4 Qe7 11. c4 g5 12. Be3 Bg7 13. Qb3 Rb8 {1-0 (88) Grandelius,N (2655)-Andreikin,D (2723) Porto Carras 2018}) 8. O-O $16 {White is better.} e6 9. Nh4 $146 ({Predecessor:} 9. Nxd5 cxd5 10. c4 Nc6 11. Ne5 f6 12. cxd5 exd5 13. Nd3 Nxd4 14. Re1+ Kd8 15. Qa4 Nc6 16. Bf4 Qd7 17. Rad1 Bxd3 18. Rxd3 Nb4 19. Rc3 Na6 20. Qa5+ {1-0 (20) Ornolfsson,M (2227)-Ragnarsson,J (2032) Reykjavik 2017}) 9... Bg6 10. Nxg6 hxg6 11. Ne4 Qd8 12. c4 {Threatens to win with Qb3.} Nf6 13. Nxf6+ gxf6 14. d5 e5 15. dxc6 ({Better is} 15. Qa4 $16 Qd7 16. Rd1) 15... Nxc6 $14 16. Qa4 Qc7 17. Be3 Be7 18. Rfd1 O-O 19. Rd5 a6 20. Rad1 $36 {[%mdl 2048] And now Rd7 would win. White has strong initiative.} Rfd8 21. Rxd8+ Rxd8 22. Rxd8+ Bxd8 23. b4 Kg7 {[#]} ({Black should try} 23... Be7 $14) 24. Bxc6 $1 $16 Qxc6 25. Qxc6 bxc6 {[%mdl 4096] Endgame KB-KB} 26. a4 {[%cal Ba2a4,Ba4a5,Ba5a6][%mdl 32]} Bc7 (26... Be7 $16) 27. a5 $18 f5 {[#]} 28. b5 $1 {[%mdl 512]} axb5 29. a6 Bb8 {[#] ...b4 would now be nice for Black.} 30. cxb5 $1 ({Resist} 30. a7 $6 Bxa7 31. Bxa7 Kf6 $16) 30... cxb5 {Black wants to play ...b4.} 31. Kf1 f4 $2 (31... Kf6 {was called for.} 32. Ke2 g5) 32. gxf4 exf4 {[#]} 33. Bxf4 $1 {[%mdl 512] Accuracy: White = 70%, Black = 36%.} 1-0

[Event "LTU-ch Men 2019"]
[Site "Vilnius"]
[Date "2019.03.15"]
[Round "1"]
[White "Sakalauskas, Vaidas"]
[Black "Bandza, Rokas"]
[Result "1/2-1/2"]
[WhiteElo "2346"]
[BlackElo "1765"]
[Annotator "TA"]
[PlyCount "65"]
[EventDate "2019.??.??"]
[EventCountry "LTU"]
[SourceTitle "playchess.com"]
[Source "ChessBase"]
[SourceQuality "1"]

{[%evp 13,65,48,41,33,35,27,39,44,44,39,38,39,34,2,19,8,68,58,68,59,78,76,74,70,104,69,83,68,68,68,68,68,68,68,68,68,75,77,65,0,0,0,0,0,15,5,6,6,9,0,0,0,14,0]} 1. d4 d5 2. c4 dxc4 3. e4 e5 4. Nf3 exd4 5. Bxc4 Nc6 6. O-O Be6 7. Bb5 Bc5 8. b4 {D20: Queen's Gambit Accepted: 3 e3 and 3 e4} (8. Qc2 Bb6 9. Bxc6+ bxc6 10. Qxc6+ Bd7 11. Qc2 Ne7 12. Na3 c5 13. Ne5 O-O 14. Nxd7 Qxd7 15. Nc4 Nc6 {0-1 (36) Granda Zuniga,J (2650)-Bachmann,A (2621) Buenos Aires 2018}) 8... Bb6 9. a4 {[%cal Ba2a4,Ba4a5][%mdl 32] aiming for a5.} a6 10. Bxc6+ $1 {White is slightly better.} bxc6 11. Bb2 Nf6 12. a5 Ba7 13. Nxd4 Bxd4 14. Bxd4 O-O (14... Rb8 $11) 15. Nc3 {[%cal Bb1c3,Bc3a4,Ba4c5][%mdl 32]} Re8 $146 ({Predecessor:} 15... Rb8 16. Bc5 Qxd1 17. Raxd1 Bb3 {½-½ (17) Constantinou,P (2018)-Cilia Vincenti,D (2094) Andorra 2009}) 16. f3 Nd7 17. Qc2 Qe7 18. Rab1 Rab8 19. Na4 Rxb4 20. Bc5 $1 {[%cal Rc5e7][%mdl 64] [#] Double Attack} Rc4 21. Qxc4 $1 Bxc4 22. Bxe7 {Black must now prevent Rfd1.} Bxf1 23. Kxf1 Rxe7 $14 {[%mdl 4096] Endgame [#] KRN-KRN} 24. Nc5 $1 {[%mdl 512]} Kf8 $1 (24... Nxc5 25. Rb8+) 25. Nxa6 {Threatens to win with Nb8.} Re5 26. Ra1 ({Much weaker is} 26. Nxc7 Rxa5 27. Rc1 Nc5 $15) (26. Nb8 $14 Nxb8 27. Rxb8+ Ke7 28. Rc8) 26... Rb5 $1 $11 {The position is equal.} 27. Nxc7 Rb7 28. Na6 Ke7 29. Rc1 Kd6 $1 30. Rd1+ Ke7 $1 31. Rc1 Kd6 $1 32. Rd1+ Ke7 $1 33. Rc1 {Accuracy: White = 64%, Black = 66%.} 1/2-1/2

[Event "LTU-ch Men 2019"]
[Site "Vilnius"]
[Date "2019.03.15"]
[Round "1"]
[White "Brazdzionis, Andrius"]
[Black "Jasiunas, Raimundas"]
[Result "1-0"]
[WhiteElo "2311"]
[BlackElo "1760"]
[Annotator "TA"]
[PlyCount "93"]
[EventDate "2019.??.??"]
[EventCountry "LTU"]
[SourceTitle "playchess.com"]
[Source "ChessBase"]
[SourceQuality "1"]

{[%evp 20,93,65,56,71,61,96,98,116,75,73,72,79,83,114,115,106,105,139,116,126,106,104,104,152,152,152,110,162,162,157,157,158,152,154,152,151,151,148,150,158,156,165,124,138,139,123,25,65,0,130,78,144,143,153,79,440,435,418,425,450,480,562,562,631,488,487,487,483,482,757,529,519,518,803,777]} 1. d4 d5 2. c4 c6 3. Nf3 Nf6 4. Qc2 Nbd7 5. g3 e6 6. Bg2 Bd6 7. O-O h6 8. Nbd2 O-O 9. e4 dxe4 10. Nxe4 Nxe4 11. Qxe4 Nf6 {E01: Catalan: Early deviations} (11... Re8 12. Bf4 Nf6 13. Qe3 Qc7 14. Bxd6 Qxd6 15. Ne5 Bd7 16. Rad1 Rad8 17. f4 Nh7 18. Rd3 Qc7 19. Rfd1 Re7 20. d5 exd5 21. cxd5 cxd5 22. Bxd5 Rde8 23. Qxa7 Rxe5 24. Bxf7+ {1-0 (24) Zubov,A (2630)-Abelgas,R (2316) Olongapo City 2015}) 12. Qe2 b6 $146 ({Predecessor:} 12... Re8 13. Rd1 Qe7 14. a3 e5 15. dxe5 Bxe5 16. Nxe5 Qxe5 17. Qxe5 Rxe5 18. Rd8+ Re8 19. Rxe8+ Nxe8 {1-0 (43) Hahn,M (2270)-Yankelevich,M (1997) Schwaebisch Gmuend 2019}) 13. Ne5 Qc7 {White is better.} 14. Nxc6 Bb7 15. Ne5 Bxg2 16. Kxg2 Rac8 17. b3 Rfd8 18. Bb2 Nd7 19. Nxd7 Rxd7 20. Rad1 Rcd8 21. d5 e5 22. Qg4 Re7 23. Rde1 Qd7 (23... b5 $16) 24. Qxd7 $18 Rdxd7 25. Re2 f6 26. Rfe1 Kf7 27. Kf3 Rd8 28. Ke4 h5 29. Kd3 Rde8 30. a3 g5 31. b4 g4 32. Rc2 Rc8 33. Rec1 (33. Bc1 $16) 33... Rec7 $11 34. Re1 (34. Rd1 $14) 34... Re7 $16 35. h3 (35. Bc1 $142) 35... Kg6 (35... gxh3 $142 36. Rh1 Kg6) 36. hxg4 hxg4 37. Rh1 (37. Bc1 $142) 37... Rh7 $2 {[%mdl 8192] [#]} (37... a5 $16 {is more resistant.}) 38. Rxh7 $18 Kxh7 {[%mdl 4096] Endgame KRB-KRB} 39. Bc1 Kg6 {White is clearly winning.} 40. Be3 f5 41. c5 e4+ 42. Kd2 bxc5 43. bxc5 Be5 44. c6 a6 (44... Kf6 $142 45. Bxa7 Kf7) 45. Ke2 Kf6 46. Bc5 Bb8 (46... Kf7 $142 47. Bb4 Ra8) 47. d6 {Accuracy: White = 62%, Black = 46%.} 1-0

[Event "LTU-ch Men 2019"]
[Site "Vilnius"]
[Date "2019.03.15"]
[Round "1"]
[White "Juksta, Karolis"]
[Black "Petraitis, Gintautas"]
[Result "1-0"]
[WhiteElo "2281"]
[BlackElo "1750"]
[Annotator "TA"]
[PlyCount "71"]
[EventDate "2019.??.??"]
[EventCountry "LTU"]
[SourceTitle "playchess.com"]
[Source "ChessBase"]
[SourceQuality "1"]

{[%evp 22,71,45,25,78,81,77,75,74,75,74,51,90,87,108,96,117,138,116,129,181,191,183,183,218,218,218,218,218,215,212,195,212,212,218,214,218,211,218,218,267,262,271,251,340,326,311,285,595,670,561,498]} 1. d4 Nf6 2. c4 e5 3. dxe5 Ng4 4. Bf4 Nc6 5. Nf3 Bb4+ 6. Nc3 Qe7 7. Qd5 Bxc3+ 8. bxc3 f6 9. exf6 Nxf6 10. Qd3 d6 11. g3 O-O 12. Bg2 Ne5 {A52: Budapest Gambit} (12... Bg4 $11 {remains equal.}) (12... Bg4 13. O-O Rae8 14. Rae1 Kh8 15. Nd4 Ne5 16. Bxe5 dxe5 17. Nf5 Bxf5 18. Qxf5 Nd7 19. Qe4 c6 20. Rd1 {1-0 (30) Aronian,L (2809)-Ivanchuk,V (2757) London 2013}) 13. Nxe5 $16 dxe5 14. Bg5 e4 {White is better.} 15. Qd4 Bf5 16. O-O Rfd8 $146 ({Predecessor:} 16... Qe6 17. Bxf6 gxf6 18. Qd5 Rfe8 19. Rfd1 c6 20. Qxe6+ Bxe6 {½-½ (69) Lech,P (1883)-Sliwicki,D (1738) Poland 2009}) 17. Qe3 b6 18. Rfd1 Qe6 19. Bxf6 gxf6 20. Rd4 c5 (20... Rd6 $16 {keeps fighting.}) 21. Rxe4 $18 Bxe4 22. Bxe4 {Black must now prevent Bd5.} Kg7 23. Bxa8 {[%mdl 64] [#] Discovered Attack} Qxe3 24. fxe3 Rxa8 {[%mdl 4096] Endgame KR-KR} 25. Rd1 Re8 26. Rd7+ Kg6 27. Kf2 ({Much less strong is} 27. Rxa7 $6 Rxe3 28. Kf2 Rxc3 $16) 27... Re4 28. Rxa7 Rxc4 29. Rb7 Rxc3 30. Rxb6 c4 31. e4 Ra3 32. Rc6 Ra4 33. e5 Rxa2 34. exf6 ({But not} 34. Rxf6+ Kg7 $18) 34... Rc2 $2 {[#]} (34... Ra1 {is more resistant.} 35. e4 c3) 35. g4 c3 36. h4 {Accuracy: White = 90%, Black = 15%.} 1-0

[Event "LTU-ch Men 2019"]
[Site "Vilnius"]
[Date "2019.03.15"]
[Round "1"]
[White "Maciuitis, Ignas"]
[Black "Laurusas, Tomas"]
[Result "0-1"]
[WhiteElo "1781"]
[BlackElo "2495"]
[Annotator "TA"]
[PlyCount "70"]
[EventDate "2019.??.??"]
[EventCountry "LTU"]
[SourceTitle "playchess.com"]
[Source "ChessBase"]
[SourceQuality "1"]

{[%evp 10,70,26,10,6,0,16,0,15,8,18,4,16,7,29,21,20,-2,-1,0,4,-54,-47,-75,-66,-85,-76,-89,-69,-75,-68,-110,-89,-115,-99,-141,-132,-145,-112,-101,-70,-72,-49,-71,-50,-81,-84,-91,-64,-131,-121,-195,-208,-180,-179,-145,-119,-150,-104,-104,-103,-401,-384]} 1. e4 c5 2. Nf3 e6 3. d4 cxd4 4. Nxd4 a6 5. Be2 Nf6 6. Nd2 d6 {B41: Sicilian: Kan Variation: 5 c4} (6... d5 7. exd5 exd5 8. O-O Bd6 9. N2f3 h6 10. Bd3 O-O 11. Nf5 Bxf5 12. Bxf5 Nc6 13. Be3 Re8 14. Re1 {0-1 (40) Campora,D (2538)-Khamrakulov,I (2515) Villa de Deifontes 2005}) 7. O-O Nbd7 8. b3 Be7 $146 {The position is equal.} ({Predecessor:} 8... Nc5 9. Bf3 g6 10. Re1 Bg7 11. Ba3 O-O 12. Nc4 Qc7 13. c3 Rd8 14. Bb4 {1-0 (64) Yuzhakov,O (2334)-Yuferev,O (2353) Nizhnij Tagil 2010}) 9. a4 O-O 10. Ba3 Nc5 11. Bf3 e5 12. Ne2 Qc7 13. Ng3 Be6 14. Qe2 g6 15. Rac1 {[#]} (15. a5 $11) 15... b5 $1 {[%mdl 512]} 16. axb5 axb5 {[%cal Ba6b5,Bb5b4][%mdl 32]} 17. Bb4 Na6 18. Ba3 b4 19. Bb2 Rfc8 20. c3 Qb7 21. c4 Nc5 22. h3 Ra2 23. Rb1 Qd7 24. Qe3 Qd8 25. Bd1 Nfd7 {[%cal Bf6d7,Bd7b8,Bb8c6][%mdl 32]} 26. Nf3 Nb8 27. Kh2 Nc6 $36 {[%mdl 2048] Black is in control.} 28. Re1 h5 {[%cal Bh7h5,Bh5h4][%mdl 32]} 29. Kg1 ({Better is} 29. Kh1 $15) 29... h4 $17 30. Nf1 {[#]} (30. Ne2 $17) 30... Nxe4 $1 $19 {[%mdl 512]} 31. Bc2 {[#]} ({Much weaker is} 31. Qxe4 Bf5 $19) 31... Nc3 $1 {[%mdl 512]} 32. Bxc3 Rxc2 33. Bb2 Bf6 {aiming for ...Rxb2!} 34. Red1 Bf5 35. Qh6 $2 {[%mdl 8192]} (35. g4 $17 {was worth a try.} hxg3 36. Nxg3) 35... Re2 {Precision: White = 37%, Black = 49%.} ({Weaker is} 35... Qb6 36. Qe3 $17) 0-1

[Event "LTU-ch Men 2019"]
[Site "Vilnius"]
[Date "2019.03.15"]
[Round "1"]
[White "Kuvsinov, Anatolij"]
[Black "Stauskas, Lukas"]
[Result "0-1"]
[WhiteElo "1768"]
[BlackElo "2357"]
[Annotator "TA"]
[PlyCount "64"]
[EventDate "2019.??.??"]
[EventCountry "LTU"]
[SourceTitle "playchess.com"]
[Source "ChessBase"]
[SourceQuality "1"]

{[%evp 23,64,0,0,-4,-10,-13,-3,-4,-3,-10,-8,-8,-3,-3,-3,-4,-9,-24,-10,-10,0,-75,-68,-74,-47,-106,-112,-125,-115,-117,-102,-106,-83,-377,-90,-94,-86,-98,-111,-862,-812,-29988,-29989]} 1. e4 c5 2. Nf3 d6 3. Bb5+ Bd7 4. Bxd7+ Qxd7 5. O-O Nf6 6. Re1 Nc6 7. c3 e6 8. d4 cxd4 9. cxd4 d5 10. e5 Ne4 11. Nbd2 Nxd2 {B52: Sicilian: Moscow Variation with 3...Bd7} 12. Bxd2 h6 {LiveBook: 4 Games} (12... Be7 13. Rc1 O-O 14. Rc3 Rfc8 15. h4 Bd8 16. Rd3 Qc7 17. Ng5 h6 18. Nh3 Ne7 19. Bc3 b5 20. Nf4 Nf5 21. Qg4 Bxh4 22. Nh5 {½-½ (52) Nakamura,H (2769)-Grischuk,A (2766) Paris 2018}) 13. a3 Be7 {The position is equal.} 14. b4 a6 {[%cal Ba7a6,Ba6a5][%mdl 32]} 15. Be3 $146 ({Predecessor:} 15. Rc1 O-O 16. Qb3 Rac8 17. Rc2 Na7 18. Rec1 b5 19. Be3 Rxc2 20. Rxc2 Rc8 21. Nd2 Rxc2 22. Qxc2 Nc8 23. Kf1 Nb6 24. Ke2 Nc4 25. Nxc4 Qc6 26. Bg5 {½-½ (26) Rjabzev,K (2332)-Balashov,Y (2421) Moscow 2008}) 15... O-O 16. Nd2 b5 {[%cal Bb7b5,Bb5b4][%mdl 32]} 17. Nb3 a5 18. Nc5 Bxc5 19. bxc5 b4 20. a4 Rab8 $36 {[%mdl 2048] Black has some pressure.} 21. Qb3 f6 22. f4 (22. exf6 $11 {remains equal.} Rxf6 23. Rad1) 22... fxe5 $17 23. fxe5 Qf7 24. Rf1 ({White should try} 24. Rab1 $15) 24... Qg6 25. Rxf8+ Rxf8 26. Rd1 Rb8 27. Rd3 Qe4 28. Qd1 $2 {[%mdl 8192] [#]} (28. h3 $17) 28... h5 $2 (28... b3 $1 $19 {[%cal Rb3b2][%mdl 512] is more deadly.} 29. Rxb3 Rxb3 30. Qxb3 Nxd4 31. Qb8+ Kh7) 29. Rb3 h4 {[%cal Bh5h4,Bh4h3][%mdl 32]} 30. Bf2 Rf8 31. Be3 $2 {[%mdl 8192] [#]} (31. Rd3 $17) 31... h3 $1 $19 {[%csl Gh3][%cal Re4g2][%mdl 512]} 32. Rb2 (32. gxh3 Rf3) 32... Qxe3+ {Precision: White = 34%, Black = 43%.} 0-1

[Event "LTU-ch Men 2019"]
[Site "Vilnius"]
[Date "2019.03.15"]
[Round "1"]
[White "Kraujunas, Vladas"]
[Black "Zickus, Simonas"]
[Result "1/2-1/2"]
[WhiteElo "1765"]
[BlackElo "2330"]
[Annotator "TA"]
[PlyCount "188"]
[EventDate "2019.??.??"]
[EventCountry "LTU"]
[SourceTitle "playchess.com"]
[Source "ChessBase"]
[SourceQuality "1"]

{[%evp 23,187,32,49,0,0,-12,18,10,19,9,27,33,33,18,18,0,0,11,0,-34,0,-63,-59,-54,-58,-70,-70,-60,-55,-56,0,-31,-25,-27,-27,-85,-79,-80,-92,-89,-42,-37,-6,-6,-1,0,0,0,0,-22,0,0,0,-162,-161,-168,-159,-167,-154,-219,-197,-177,-163,-339,-326,-302,-268,-539,-539,-539,-535,-531,-498,-569,0,-499,-499,-461,-368,-472,-406,-437,-427,-425,-385,-352,-316,-292,-166,-152,-152,-480,-283,-477,-466,-384,0,-379,-327,-550,-506,-308,-94,-95,0,0,0,0,0,0,0,0,0,0,0,0,0,0,0,0,0,0,0,0,0,0,0,0,0,0,0,0,0,0,0,0,0,0,0,0,0,0,0,0,0,0,0,0,0,0,0,0,0,0,0,0,0,0,0,0,0,0,0,0,0,0]} 1. e4 c5 2. Nf3 Nc6 3. d4 cxd4 4. Nxd4 Nf6 5. Nc3 e5 6. Ndb5 d6 7. Bg5 a6 8. Na3 b5 9. Nd5 Be7 10. Bxf6 Bxf6 11. c3 Bg5 12. Nc2 Rb8 13. Nce3 {B33: Sicilian: Pelikan and Sveshnikov Variations} (13. Be2 O-O 14. O-O Kh8 15. Bg4 Bb7 16. Ncb4 Nxb4 17. cxb4 g6 18. a4 bxa4 19. Rxa4 Bc6 20. Be2 Bxa4 21. Qxa4 f5 22. exf5 Rxf5 {½-½ (30) Giri,A (2783)-Carlsen,M (2835) Wijk aan Zee 2019}) 13... O-O 14. h4 Bh6 (14... Bxe3 $5 15. Nxe3 Be6 $11) 15. Ng4 $146 ({Predecessor:} 15. g4 Bf4 16. Qf3 Bxe3 17. Nxe3 b4 18. Bc4 Qa5 19. Rc1 Be6 20. Nd5 bxc3 21. bxc3 Bxd5 22. Bxd5 {½-½ (42) Kubat,M (1828)-Kunc,J (2015) Klatovy 2017}) 15... Bxg4 $1 16. Qxg4 a5 17. Rd1 Kh8 18. Rh3 b4 19. Bc4 bxc3 20. bxc3 Rb2 21. Ne3 Qb6 ({Worse is} 21... Qf6 22. Rf3 $18) 22. Rf3 (22. Qd7 $11) 22... Bxe3 $1 $15 23. Rxe3 {[#]} Nd4 $1 {[%cal Rd4c2][%mdl 576] Deflection} 24. cxd4 Qb4+ {[%mdl 64] Double Attack} 25. Kf1 {Hoping for Bd5.} Qxc4+ 26. Kg1 exd4 (26... Qc2 $15 27. Qf3 Rb1 28. Rxb1 Qxb1+ 29. Kh2 Qxa2) 27. Rg3 {[%csl Gg3][%cal Rg4g7]} (27. e5 {keeps more tension.} dxe5 28. Rxe5 Rxa2 29. Qxd4 Qxd4 30. Rxd4 f6 31. Re7) 27... Rg8 28. Rgd3 Qxa2 29. Qf4 (29. Qf3 $11 {remains equal.}) 29... a4 $17 {...a3 is the strong threat.} 30. Rxd4 Rb1 {aiming for ...a3.} 31. Qxd6 Rxd1+ 32. Rxd1 {[%mdl 4096] Endgame KQR-KQR} Qc2 {Threatening ...a3.} 33. Qd3 Qc6 34. Qd5 Qc2 35. Rd2 Qc1+ 36. Rd1 Qb2 37. Rd2 Qb4 (37... Qc3 {is interesting.} 38. g3 Qc7 39. e5 a3 40. Ra2 Qa7) 38. Qd4 $2 (38. g3 $11) 38... Qxd4 $19 39. Rxd4 {KR-KR} Ra8 40. Rd2 g6 41. f4 (41. Ra2 $17 {keeps fighting.}) 41... h5 42. Kf2 Kg7 43. Kf3 $2 (43. Ke3) 43... a3 44. Ra2 Kf6 45. g4 $2 (45. Ke2 Ke6 46. Kd2) 45... hxg4+ 46. Kxg4 Ra5 47. Kf3 Ke6 48. Kg4 Kf6 49. Kf3 Kg7 50. Kg4 Kh6 51. Kg3 Kh5 52. Kh3 Ra4 53. Kg3 Ra6 54. Kh3 Ra5 55. Kg3 Ra4 (55... Kh6 $142 56. Kg4 Kg7) 56. Kf3 Kh6 57. Ke3 $2 (57. e5 $17 {was the crucial defense.}) 57... Kg7 58. Kf3 $2 (58. Kd3) 58... Kf6 59. Kg4 Ra5 $2 ({Black should try} 59... Ra8 $19 60. Kf3 Ke6) 60. Kg3 $2 {[%mdl 8192]} (60. Kf3 $11) 60... Ke7 61. Kg4 $2 (61. Kf2 {was called for.} Kd6 62. Ke1) 61... Ke6 62. Kg3 f5 $2 (62... Kd6 $19 {has better winning chances.} 63. f5 Kc5 64. fxg6 fxg6) 63. e5 $17 Kd5 {[#]} (63... Ra4 $17 {Strongly threatening ...Kd5.} 64. Kh3 Kd5) 64. h5 $1 $11 {[%cal Rh5h6][%mdl 512] The position is equal.} gxh5 {White must now prevent ...Kc4.} 65. Kh4 Ra4 66. Kxh5 Rxf4 67. Rxa3 Rg4 68. Ra5+ Ke6 69. Rb5 Rg2 70. Kh4 Rg8 71. Kh3 f4 72. Kh2 Rg7 73. Kh1 f3 74. Kh2 Kf5 {[#]} 75. e6+ $1 {[%mdl 576] Decoy} Kxe6 76. Rb6+ Ke5 77. Rb5+ Kd4 78. Rb4+ Ke3 79. Rb3+ Ke2 80. Rb2+ Ke3 81. Rb3+ Kf4 {Threatens to win with ...Re7.} (81... Ke2 {with more complications.}) 82. Rb4+ Kf5 83. Rb5+ Kg4 84. Rb4+ Kg5 85. Kg3 Rf7 86. Kf2 Rf5 87. Rb3 Kg4 88. Rb4+ Rf4 89. Rxf4+ Kxf4 {KP-K} 90. Kf1 $1 Ke5 (90... Ke3 $5 91. Ke1 $8 f2+ 92. Kf1 Ke4 93. Kxf2 $11) 91. Kf2 Ke4 (91... Kf4 $5) 92. Kf1 $1 Ke3 {( -> ...f2)} (92... Kd4 $5) 93. Ke1 f2+ 94. Kf1 Kf3 {Accuracy: White = 58%, Black = 62%.} 1/2-1/2

[Event "LTU-ch Men 2019"]
[Site "Vilnius"]
[Date "2019.03.15"]
[Round "1"]
[White "Kusner, Michail"]
[Black "Chocenka, Dmitrijus"]
[Result "0-1"]
[WhiteElo "1759"]
[BlackElo "2287"]
[Annotator "TA"]
[PlyCount "60"]
[EventDate "2019.??.??"]
[EventCountry "LTU"]
[SourceTitle "playchess.com"]
[Source "ChessBase"]
[SourceQuality "1"]

{[%evp 11,60,20,24,6,41,13,20,-20,-7,0,0,-73,0,0,12,6,8,1,17,5,0,0,0,-33,0,-67,-80,-106,-71,-250,-279,-236,-272,-258,-235,-399,-414,-472,-462,-1945,-1943,-1907,-1917,-1842,-1838,-1837,-1841,-1797,-1798,-29989,-29990]} 1. e4 c5 2. Nf3 e6 3. d4 cxd4 4. Nxd4 Bc5 5. Nb3 Bb6 6. Nc3 Ne7 7. Qd6 $146 {B40: Sicilian: 2...e6, Unusual lines} ({Predecessor:} 7. Bd3 O-O 8. O-O Nbc6 9. Bg5 h6 10. Bh4 Ne5 11. Kh1 N5g6 12. Bg3 f5 13. exf5 Nxf5 14. Qe2 d5 15. Rad1 Qg5 16. Bxf5 Qxf5 {½-½ (57) Kasimdzhanov,R (2704)-Fedoseev,V (2659) Berlin 2015}) 7... O-O 8. Bg5 Nbc6 9. Bb5 {The position is equal.} f6 10. Bf4 a6 11. Bc4 (11. Bxc6 $11 {keeps the balance.} bxc6 12. Na4) 11... Ng6 ({Black should play} 11... f5 $17) 12. Bg3 $1 $11 Nge5 13. Be2 Bc7 14. Qd2 b5 15. O-O-O Qe7 16. f3 Rd8 17. Bf2 Rb8 18. h4 (18. Kb1 $11) 18... Nc4 $36 {[%mdl 2048] Black is really pushing.} 19. Qe1 Be5 {Strongly threatening ...Nxb2!} 20. g3 $2 {[#]} (20. a3 $17 {was necessary.}) 20... Nxb2 $1 $19 {[%mdl 512]} 21. Kxb2 {f4 is the strong threat.} b4 22. Kc1 {Threatens to win with Na4.} Bxc3 ({But not} 22... bxc3 23. Bc5 $17) 23. Qg1 $2 (23. Qf1) 23... a5 {[%cal Ba6a5,Ba5a4][%mdl 32]} 24. Bb6 {[#]} a4 $1 25. Nd2 {[#]} (25. Bxd8 $142 axb3 26. cxb3 (26. Bxe7 $2 {gets mated.} bxa2 27. Qa7 Nxa7 28. h5 a1=Q#) 26... Qxd8 27. Qc5) 25... b3 $1 {[%mdl 512]} 26. cxb3 (26. axb3 Qa3+) 26... Qa3+ {[%mdl 64] Double Attack} 27. Kc2 Qb2+ 28. Kd3 Ba6+ 29. Ke3 Rxb6 30. Kf4 h5 {Accuracy: White = 26%, Black = 70%.} 0-1

[Event "LTU-ch Men 2019"]
[Site "Vilnius"]
[Date "2019.03.15"]
[Round "1"]
[White "Leclere, Daniel"]
[Black "Mickevicius, Juras"]
[Result "0-1"]
[WhiteElo "1734"]
[BlackElo "2273"]
[Annotator "TA"]
[PlyCount "118"]
[EventDate "2019.??.??"]
[EventCountry "LTU"]
[SourceTitle "playchess.com"]
[Source "ChessBase"]
[SourceQuality "1"]

{[%evp 11,118,17,18,-33,-29,-25,0,-25,-27,-34,-6,-6,-5,-21,0,-8,-16,-16,0,-8,0,0,0,0,5,-200,-199,-270,-159,-168,-155,-149,-86,-87,-70,-62,-68,-77,-82,-97,-107,-112,-111,-127,-119,-133,-133,-153,-150,-163,-163,-160,-160,-161,-170,-168,-160,-170,-145,-235,-150,-171,-158,-200,-158,-238,-248,-235,-208,-252,-233,-242,-275,-269,-264,-253,-258,-353,-289,-668,-662,-667,-665,-656,-643,-616,-619,-609,-597,-597,-533,-1159,-1076,-1654,-978,-1466,-839,-29976,-29977,-29977,-29978,-29979,-29980,-29980,-29981,-29982,-29983,-29976,-29971]} 1. e4 c6 2. d4 d5 3. exd5 cxd5 4. c4 Nf6 5. Nc3 e6 6. Nf3 Be7 7. Qb3 {B14: Caro-Kann: Panov-Botvinnik Attack with 5...e6 and 5...g6} (7. cxd5 $11 Nxd5 8. Bd3) (7. cxd5 Nxd5 8. Bc4 Nc6 9. O-O O-O 10. Re1 Nxc3 11. bxc3 b6 12. Bd3 Bb7 13. h4 Bxh4 14. Nxh4 Qxh4 15. Re3 g6 16. Rh3 Qf6 17. Bh6 Rfe8 18. Qd2 e5 19. d5 Ne7 20. Bg5 Qd6 21. c4 f6 {1-0 (42) Illescas Cordoba,M (2605)-Volkov,S (2557) Barcelona 2018}) 7... dxc4 $15 8. Bxc4 O-O 9. O-O {The position is equal.} Nc6 10. Be2 $146 ({Predecessor:} 10. Rd1 a6 11. Bd3 Nb4 12. Bb1 Bd7 13. a3 Nbd5 14. Ne5 b5 {0-1 (56) Sevostyanov,V (2021)-Kravchuk,O (2164) Bratsk 2017}) 10... Nxd4 11. Nxd4 Qxd4 12. Be3 Qe5 13. Bf3 Bd6 {[%csl Gd6][%cal Re5h2] [#]} 14. g3 Qf5 15. Bg2 Ng4 16. Bd2 Qh5 $40 {[%csl Gg4][%cal Rh5h2][%mdl 128] Black attacks.} 17. h3 Nf6 18. f4 $2 (18. Rad1 $11) 18... e5 $19 19. Kh2 (19. Nd5 {was called for.} Bxh3 20. Nxf6+ gxf6 21. Rac1) 19... exf4 (19... Rd8 $19 {Strongly threatening ...exf4.} 20. Qd1 Bg4) 20. Bxf4 $17 Bxf4 21. Rxf4 {[#]} Be6 ({Better is} 21... Ng4+ $1 22. Kg1 Ne3) 22. Qd1 Rad8 (22... Qg5 {seems wilder.} 23. Rd4 Rac8 24. Qd2 Qh5 25. Rh4 Rfd8) 23. Qxh5 Nxh5 24. Rf2 b6 25. Re1 Nf6 26. Ne4 Nxe4 27. Bxe4 Rd4 28. a3 Rfd8 29. Bc2 g5 30. g4 Rd2 31. Ree2 Rxe2 32. Rxe2 {[%mdl 4096] Endgame KRB-KRB} Rd4 33. Kg3 h6 34. Rf2 Kf8 35. Re2 (35. Rf3 $17 {was necessary.}) 35... Ke7 36. Rf2 Kd6 37. Re2 a5 38. Kf3 (38. Rf2 $17 {was worth a try.}) 38... Bd5+ $19 39. Kg3 b5 40. Rf2 Kc5 41. Re2 Rf4 42. Rd2 Rf3+ 43. Kh2 Re3 44. Bd1 Bc4 45. Kg2 $2 (45. a4) 45... Rd3 46. Rxd3 Bxd3 {KB-KB} 47. Bb3 Bc4 48. Bc2 Kd4 49. Kf2 Bd3 50. Bb3 f5 51. gxf5 Bxf5 52. Kg3 Ke3 53. Bd5 Kd2 54. b4 axb4 {Black mates.} 55. axb4 Kc3 56. h4 Kxb4 57. hxg5 hxg5 58. Bf7 Kc3 59. Kf3 b4 {Accuracy: White = 20%, Black = 81%.} 0-1